[Event "13. Lichtenberger Sommer"]
[Site "?"]
[Date "2014.08.17"]
[Round "2.102"]
[White "Bailliere, Arne"]
[Black "Lange, Johannes Friedrich"]
[Result "1-0"]
[WhiteElo "1673"]
[BlackElo "1268"]
[PlyCount "45"]
[EventDate "2014.??.??"]
[WhiteTeam "Sfrd. Berlin 1903 e.V."]
[BlackTeam "Schachunion Berlin e.V."]

1. e4 e5 2. Nf3 Nc6 3. Nc3 Nf6 4. d4 exd4 5. Nxd4 Bb4 6. Nxc6 bxc6 7. Bd3 O-O
8. O-O Re8 9. Re1 d5 10. e5 Ng4 11. h3 Nxe5 12. Bxh7+ Kf8 13. Be3 c5 14. Nxd5
Nd7 15. c3 Ba5 16. Qa4 Bb6 17. Rad1 a5 18. Qc6 Ra7 19. c4 Re6 20. Qa4 Ra6 21.
Bf5 Rd6 22. Bf4 Rc6 23. Qxc6 1-0

[Event "13. Lichtenberger Sommer"]
[Site "?"]
[Date "2014.08.17"]
[Round "2.103"]
[White "Kohlmeyer, Dagobert"]
[Black "Pilgrim, Wilfried"]
[Result "1-0"]
[WhiteElo "1888"]
[BlackElo "1459"]
[PlyCount "67"]
[EventDate "2014.??.??"]
[WhiteTeam "SC Rochade e.V."]
[BlackTeam "SC Kreuzberg e.V."]

1. e4 c5 2. Nf3 Nc6 3. d4 cxd4 4. Nxd4 e5 5. Nb5 Nf6 6. N1c3 d6 7. Nd5 Nxd5 8.
exd5 Ne7 9. c4 a6 10. Qa4 axb5 11. Qxa8 Ng6 12. cxb5 Be7 13. Be3 O-O 14. b6 Bg5
15. Qa3 f5 16. Bxg5 Qxg5 17. Qg3 Qh6 18. h4 Nf4 19. Qg5 Nxd5 20. Qxh6 gxh6 21.
Bc4 Be6 22. Rd1 Nf4 23. Bxe6+ Nxe6 24. Rxd6 Nd4 25. Rh3 f4 26. Rd7 f3 27. Rg3+
Kh8 28. gxf3 Nxf3+ 29. Kd1 Nxh4 30. Rgg7 Nf5 31. Rxh7+ Kg8 32. Rxb7 Rd8+ 33.
Rbd7 Rb8 34. b7 1-0

[Event "13. Lichtenberger Sommer"]
[Site "?"]
[Date "2014.08.17"]
[Round "2.104"]
[White "Schmidt, Tim Lucas"]
[Black "Prix, Siegfried"]
[Result "0-1"]
[WhiteElo "1239"]
[BlackElo "1777"]
[PlyCount "116"]
[EventDate "2014.??.??"]
[WhiteTeam "1. Schachclub Anhalt"]
[BlackTeam "Sfrd. Berlin 1903 e.V."]

1. e4 c6 2. d4 d5 3. exd5 cxd5 4. Nc3 Nc6 5. Nf3 Nf6 6. Bd3 Bg4 7. Be3 e6 8.
Qe2 Bd6 9. O-O a6 10. Qd1 O-O 11. Be2 Qc7 12. h3 Bh5 13. Qd3 Nb4 14. Qd2 Bg6
15. Rac1 b5 16. a3 Nc6 17. b4 Rfc8 18. Bd3 Bxd3 19. cxd3 Qb6 20. Rc2 a5 21.
bxa5 Qxa5 22. Ra1 b4 23. Nb1 Qb5 24. Rca2 b3 25. Rb2 Na5 26. Nc3 Qc6 27. Ne2
Nd7 28. Bf4 Nb6 29. Rc1 Qd7 30. Rxc8+ Nxc8 31. Bxd6 Qxd6 32. Qb4 Qa6 33. Qa4
Nd6 34. Nc1 Qc8 35. Nxb3 Nac4 36. Qb4 Nxb2 37. Qxd6 Qf8 38. Qxf8+ Kxf8 39. Nc5
Rxa3 40. Kf1 Nxd3 41. Nxd3 Rxd3 42. Ke2 Ra3 43. Ne5 f6 44. Nc6 Ke8 45. f4 Kd7
46. Nb4 Rg3 47. Kf2 Rb3 48. Na6 Kc6 49. Nc5 Rb2+ 50. Kf3 e5 51. fxe5 fxe5 52.
Ne6 e4+ 53. Kg3 e3 54. Kf3 e2 55. Kf2 e1=Q+ 56. Kxe1 Rxg2 57. Kf1 Rg6 58. Nd8+
Kc7 0-1

[Event "13. Lichtenberger Sommer"]
[Site "?"]
[Date "2014.08.17"]
[Round "2.105"]
[White "Schönemann, Manfred"]
[Black "Stiemerling, Karl-Heinz"]
[Result "1/2-1/2"]
[WhiteElo "1781"]
[BlackElo "1579"]
[PlyCount "96"]
[EventDate "2014.??.??"]
[WhiteTeam "SV Turbine Berlin e.V."]
[BlackTeam "SG Eckturm"]

1. d4 d5 2. c4 c6 3. cxd5 cxd5 4. Nc3 Nc6 5. Nf3 Nf6 6. Bg5 h6 7. Bh4 Bf5 8. a3
a6 9. e3 e6 10. Rc1 Be7 11. Bd3 Ne4 12. Bxe7 Qxe7 13. O-O O-O 14. Na4 Qc7 15.
Ne5 Qd6 16. f3 Nxe5 17. dxe5 Qxe5 18. fxe4 Bxe4 19. Bxe4 Qxe4 20. Qd4 Qxd4 21.
exd4 b5 22. Nc5 Ra7 23. Nd3 f6 24. b4 Kf7 25. Ne5+ Kg8 26. Nd3 Kf7 27. Ne5+ Kg8
28. Nd3 a5 29. Nc5 axb4 30. axb4 Kf7 31. Rce1 Re8 32. Ra1 Rc7 33. Ra5 e5 34.
dxe5 Rxe5 35. Rxb5 d4 36. Rd1 Rd5 37. Rb7 Rdxc5 38. Rxc7+ Rxc7 39. Rxd4 Rb7 40.
Kf2 Ke6 41. g4 Ke5 42. Ke3 g5 43. Re4+ Kd5 44. Kd3 Rb6 45. h3 Ra6 46. Rd4+ Ke5
47. Kc4 Rc6+ 48. Kd3 Ra6 1/2-1/2

[Event "13. Lichtenberger Sommer"]
[Site "?"]
[Date "2014.08.17"]
[Round "2.106"]
[White "Born, Jonathan"]
[Black "Lippianowski, Stefan"]
[Result "1-0"]
[WhiteElo "1706"]
[BlackElo "1220"]
[PlyCount "51"]
[EventDate "2014.??.??"]
[WhiteTeam "SV Königsjäger Süd-West e.V."]
[BlackTeam "SV Mattnetz Berlin e.V."]

1. e4 e5 2. Nf3 Nc6 3. d4 d5 4. dxe5 dxe4 5. Qxd8+ Nxd8 6. Nfd2 Bf5 7. Nc3 Bc5
8. Ndxe4 Bd4 9. Bd3 Ne6 10. O-O Bxe5 11. Bd2 Nh6 12. Rfe1 Ng4 13. h3 Bh2+ 14.
Kh1 Nxf2+ 15. Nxf2 Bg3 16. Bxf5 Bxf2 17. Re2 Bc5 18. Bxe6 fxe6 19. Rxe6+ Kd7
20. Rae1 Rhf8 21. Be3 b6 22. Bxc5 bxc5 23. Re7+ Kc6 24. R1e6+ Kb7 25. Nb5 Rac8
26. Nd6+ 1-0

[Event "13. Lichtenberger Sommer"]
[Site "?"]
[Date "2014.08.17"]
[Round "2.107"]
[White "Dittrich, Hans-Jürgen"]
[Black "Peter, Volkhard"]
[Result "0-1"]
[WhiteElo "1166"]
[BlackElo "1815"]
[PlyCount "38"]
[EventDate "2014.??.??"]
[WhiteTeam "vereinslos"]
[BlackTeam "Schachclub Oranienburg e.V."]

1. c4 Nf6 2. g3 e5 3. Bg2 Bc5 4. e3 Nc6 5. Nc3 O-O 6. Nge2 a6 7. O-O Rb8 8. d4
exd4 9. exd4 Ba7 10. Bg5 h6 11. Be3 Ng4 12. h3 Nxe3 13. fxe3 b5 14. c5 Qg5 15.
Rf4 Ne7 16. Ne4 Qg6 17. Rg4 Qe6 18. N2c3 f5 19. Nd6 Qxe3+ 0-1

[Event "13. Lichtenberger Sommer"]
[Site "?"]
[Date "2014.08.17"]
[Round "2.108"]
[White "Bullig, Reinhard"]
[Black "Karge, Ole Jannes"]
[Result "0-1"]
[WhiteElo "1772"]
[BlackElo "1494"]
[PlyCount "50"]
[EventDate "2014.??.??"]
[WhiteTeam "Sfrd. Berlin 1903 e.V."]
[BlackTeam "SV Mattnetz Berlin e.V."]

1. d4 Nf6 2. Nf3 e6 3. e3 d5 4. c4 Nc6 5. Nc3 Bb4 6. Bd3 O-O 7. O-O Bxc3 8.
bxc3 Qe7 9. a4 Re8 10. Ba3 Qd7 11. Ne5 Nxe5 12. dxe5 Ne4 13. Qc2 Qc6 14. f3 Nc5
15. cxd5 Qxd5 16. e4 Qxd3 17. Qf2 Nb3 18. Rab1 Qxc3 19. Qa2 Qe3+ 20. Kh1 Nd4
21. Bc5 b6 22. Rfe1 Qd3 23. Rbd1 Qc2 24. Qa3 Qxc5 25. Qe3 Nc2 0-1

[Event "13. Lichtenberger Sommer"]
[Site "?"]
[Date "2014.08.17"]
[Round "2.109"]
[White "Wahner, Eberhard"]
[Black "König, Dennis"]
[Result "0-1"]
[WhiteElo "1063"]
[BlackElo "1620"]
[PlyCount "62"]
[EventDate "2014.??.??"]
[WhiteTeam "vereinslos"]
[BlackTeam "SV Königsjäger Süd-West e.V."]

1. c4 e6 2. Nc3 Nf6 3. g3 d5 4. b3 c6 5. Bg2 Nbd7 6. e3 Be7 7. Nge2 O-O 8. d4
dxc4 9. bxc4 e5 10. O-O exd4 11. exd4 Nb6 12. c5 Nbd5 13. a4 Re8 14. Re1 Bf5
15. Bb2 Nb4 16. Qb3 a5 17. Rad1 Bc2 18. Qc4 Bxd1 19. Rxd1 Nfd5 20. Nxd5 Nxd5
21. Qc2 Bf6 22. Be4 h6 23. Bf3 Qd7 24. Qc1 Re7 25. Nf4 Nxf4 26. gxf4 Rae8 27.
Kh1 Bh4 28. Qd2 Qh3 29. Bg2 Qb3 30. Bc3 Re2 31. Qc1 Rc2 0-1

[Event "13. Lichtenberger Sommer"]
[Site "?"]
[Date "2014.08.17"]
[Round "2.110"]
[White "Eichstädt, Torsten"]
[Black "Dathe, Frederick"]
[Result "1-0"]
[WhiteElo "967"]
[BlackElo "1594"]
[PlyCount "133"]
[EventDate "2014.??.??"]
[WhiteTeam "SC Friesen Lichtenberg e.V."]
[BlackTeam "Schachunion Berlin e.V."]

1. Nf3 d5 2. g3 Nf6 3. Bg2 Bf5 4. O-O e6 5. Nd4 Be4 6. f3 Bg6 7. Kh1 c5 8. Nb3
Nc6 9. d3 c4 10. dxc4 dxc4 11. N3d2 Nb4 12. e4 Be7 13. c3 Nd3 14. Qa4+ Qd7 15.
Qxd7+ Nxd7 16. Nxc4 Nxc1 17. Rxc1 O-O 18. Nbd2 Nc5 19. Ne5 Rfd8 20. Nxg6 hxg6
21. Nc4 Nd3 22. Rc2 Rac8 23. Ne3 Bc5 24. Nd1 Rd7 25. a3 Rcd8 26. b4 Bb6 27. c4
Ne1 28. Rcc1 Rd2 29. c5 Bc7 30. Ne3 Nd3 31. Rc2 Rxc2 32. Nxc2 Be5 33. Rb1 Nf2+
34. Kg1 Rd2 35. f4 Bc3 36. Ne3 Bd4 37. Nf1 Rd3 38. e5 Rxa3 39. Bxb7 Ra2 40. c6
Rc2 41. b5 Kf8 42. Rb3 Ng4+ 43. Kh1 Ke7 44. h3 Nf2+ 45. Kg2 Kd8 46. h4 Ne4+ 47.
Kf3 Nc5 48. Ne3 Bxe3 49. Rxe3 Kc7 50. Ra3 Kb8 51. b6 a6 52. Bxa6 Nxa6 53. Rxa6
Rxc6 54. Ra7 Rxb6 55. Rxf7 Rb7 56. Rf8+ Kc7 57. Rf7+ Kc6 58. Rxb7 Kxb7 59. Kg4
Kc6 60. Kg5 Kd5 61. Kxg6 Ke4 62. Kg5 Kf3 63. g4 Ke4 64. h5 Kf3 65. f5 exf5 66.
gxf5 Ke4 67. e6 1-0

[Event "13. Lichtenberger Sommer"]
[Site "?"]
[Date "2014.08.17"]
[Round "2.112"]
[White "Weiß, Daniel"]
[Black "Kossuewa, Fatima"]
[Result "1-0"]
[WhiteElo "1741"]
[BlackElo "797"]
[PlyCount "73"]
[EventDate "2014.??.??"]
[WhiteTeam "Sfr.Nord-Ost Berlin"]
[BlackTeam "SC Friesen Lichtenberg e.V."]

1. Nf3 Nc6 2. d4 d5 3. Bf4 Nf6 4. e3 e6 5. Be2 g6 6. O-O Bg7 7. Nbd2 O-O 8. h3
Nd7 9. c4 Qe7 10. Bxc7 Nb6 11. cxd5 Nxd5 12. Bg3 Bd7 13. Nc4 Rfd8 14. a3 Nf6
15. Qd3 Nb8 16. Rac1 Bc6 17. Nce5 Be4 18. Qc3 Nbd7 19. Nxd7 Qxd7 20. Ne5 Nd5
21. Nxd7 Nxc3 22. Rxc3 Rxd7 23. Rfc1 Rdd8 24. b4 f6 25. f3 Bc6 26. b5 Bd7 27.
Rc7 b6 28. a4 e5 29. dxe5 fxe5 30. Bh4 Rdc8 31. Bc4+ Kf8 32. Rxd7 Bh6 33. Kf2
g5 34. Rxh7 gxh4 35. Rxh6 Kg7 36. Rxh4 a6 37. Rd1 1-0

[Event "13. Lichtenberger Sommer"]
[Site "?"]
[Date "2014.08.17"]
[Round "2.113"]
[White "Kossuewa, Aminat"]
[Black "Bollenbach, Horst"]
[Result "0-1"]
[WhiteElo "785"]
[BlackElo "1752"]
[PlyCount "80"]
[EventDate "2014.??.??"]
[WhiteTeam "SC Friesen Lichtenberg e.V."]
[BlackTeam "SC Friesen Lichtenberg e.V."]

1. e4 c5 2. Bc4 Nc6 3. Nf3 e6 4. Nc3 a6 5. a4 g6 6. O-O Bg7 7. d3 Nge7 8. Be3
b6 9. Qd2 O-O 10. Bh6 Bb7 11. Bxg7 Kxg7 12. d4 cxd4 13. Nxd4 Ne5 14. Be2 d5 15.
f3 Qc7 16. b3 Rac8 17. f4 Nd7 18. Rf3 dxe4 19. Rh3 Nf5 20. Nxf5+ exf5 21. Rd1
Nf6 22. Bc4 Qc5+ 23. Qf2 Qxf2+ 24. Kxf2 Ng4+ 25. Kg1 Rfd8 26. Rxd8 Rxd8 27. Be2
Rd2 28. Bxg4 fxg4 29. Re3 f5 30. Re2 Rd7 31. b4 Kf6 32. b5 a5 33. Nb1 Rd1+ 34.
Kf2 Rxb1 35. Rd2 Ke7 36. Rd4 Rb4 37. c3 Rxd4 38. cxd4 Kd6 39. Ke3 Kd5 40. g3 h5
0-1

[Event "13. Lichtenberger Sommer"]
[Site "?"]
[Date "2014.08.17"]
[Round "2.114"]
[White "Fuchs, Linda"]
[Black "Gazaev, Ansor"]
[Result "1-0"]
[WhiteElo "1596"]
[BlackElo "700"]
[PlyCount "59"]
[EventDate "2014.??.??"]
[WhiteTeam "SC Untergrombach 46"]
[BlackTeam "SC Friesen Lichtenberg e.V."]

1. e4 e5 2. Nf3 Nc6 3. Bc4 Nf6 4. Ng5 d5 5. exd5 Nxd5 6. d3 f6 7. Nf3 Be6 8.
O-O Qe7 9. Re1 O-O-O 10. Qe2 g6 11. Bxd5 Rxd5 12. Nc3 Rd7 13. Be3 Bg7 14. Ne4
b6 15. c4 Re8 16. Rac1 Kb7 17. Qc2 Qb4 18. a3 Qe7 19. b4 Nd4 20. Bxd4 exd4 21.
c5 Bh6 22. c6+ Kb8 23. cxd7 Qxd7 24. Nxf6 Qf7 25. Nxe8 Bxc1 26. Rxc1 Qxe8 27.
Qxc7+ Ka8 28. Nxd4 h6 29. Nc6 Bd5 30. Qxa7# 1-0

[Event "13. Lichtenberger Sommer"]
[Site "?"]
[Date "2014.08.18"]
[Round "3.11"]
[White "Schulz, Olaf"]
[Black "Heinig, Wolfram"]
[Result "0-1"]
[WhiteElo "2029"]
[BlackElo "2299"]
[PlyCount "68"]
[EventDate "2014.??.??"]
[WhiteTeam "SC Rotation Pankow e.V."]
[BlackTeam "SK Zehlendorf e.V."]

1. e4 c5 2. Nf3 e6 3. d4 cxd4 4. Nxd4 a6 5. Be2 Nf6 6. e5 Qa5+ 7. Bd2 Qxe5 8.
Bc3 Ne4 9. Qd3 Nxc3 10. Nxc3 Nc6 11. Nf3 Qc7 12. O-O-O Be7 13. h4 d5 14. g3 Bd7
15. Ng5 Ne5 16. Qe3 h6 17. Nf3 Nxf3 18. Bxf3 Bc5 19. Qe2 O-O-O 20. Rd3 Kb8 21.
Qd2 Bc6 22. Rd1 Rd7 23. Bg2 Rhd8 24. f4 Bb4 25. Kb1 d4 26. Bxc6 Qxc6 27. a3
dxc3 28. Rxd7 cxd2 29. Rxd8+ Kc7 30. Rd3 Ba5 31. b4 Bb6 32. R1xd2 f6 33. c4 Bg1
34. c5 e5 0-1

[Event "13. Lichtenberger Sommer"]
[Site "?"]
[Date "2014.08.18"]
[Round "3.21"]
[White "Kollberg, Lothar"]
[Black "Petersen, Soren Boeck"]
[Result "1/2-1/2"]
[WhiteElo "2138"]
[BlackElo "2256"]
[PlyCount "60"]
[EventDate "2014.??.??"]
[WhiteTeam "SC Zugzwang 95 e.V."]
[BlackTeam "Damhus Skakklub"]

1. d4 d5 2. c4 dxc4 3. Nf3 Nf6 4. e3 e6 5. Bxc4 c5 6. O-O a6 7. a4 Nc6 8. Qe2
cxd4 9. Rd1 Be7 10. exd4 O-O 11. Nc3 Nd5 12. Bxd5 exd5 13. Ne5 Bf6 14. Nxc6
bxc6 15. a5 Re8 16. Be3 Rb8 17. Qd2 Bg4 18. f3 Bf5 19. Na4 Rb3 20. Bf2 Bg5 21.
f4 Rd3 22. Qc1 Rxd1+ 23. Qxd1 Bxf4 24. Nc5 Bc8 25. Qd3 Qg5 26. Nxa6 Bf5 27. Qf3
Bg4 28. Qc3 Bd2 29. Qg3 Bf4 30. Qc3 Bd2 1/2-1/2

[Event "13. Lichtenberger Sommer"]
[Site "?"]
[Date "2014.08.18"]
[Round "3.22"]
[White "Vogel, Robert"]
[Black "Zschäbitz, Klaus"]
[Result "0-1"]
[WhiteElo "2262"]
[BlackElo "2064"]
[PlyCount "78"]
[EventDate "2014.??.??"]
[WhiteTeam "SG Pang-Rosenheim 1910 e.V."]
[BlackTeam "BSG 1827 Eckbauer e.V."]

1. d4 Nf6 2. c4 e6 3. g3 Bb4+ 4. Nc3 O-O 5. Bg2 Nc6 6. Nf3 d5 7. a3 Bxc3+ 8.
bxc3 dxc4 9. O-O Rb8 10. a4 b6 11. Nd2 Na5 12. e4 Ba6 13. Re1 c5 14. Ba3 Re8
15. dxc5 bxc5 16. e5 Nd5 17. Ne4 Nb3 18. Ra2 Qc7 19. f4 f5 20. exf6 gxf6 21.
Qf3 Kh8 22. Rc2 Rbd8 23. Qf2 Rc8 24. Rce2 Bb7 25. Bf3 Qe7 26. Qg2 Qf8 27. Kh1
Rc7 28. Bb2 Rg7 29. Qf2 Nb6 30. Ba3 Nxa4 31. Rd1 Bxe4 32. Rxe4 Nxc3 33. Rxc4
Nxd1 34. Bxd1 Rb8 35. Qe3 Rgb7 36. Bf3 Rb6 37. Rc3 Nd4 38. Bxc5 Rb1+ 39. Rc1
Qxc5 0-1

[Event "13. Lichtenberger Sommer"]
[Site "?"]
[Date "2014.08.18"]
[Round "3.23"]
[White "Bankmann, Daniel"]
[Black "Schneider, Christian"]
[Result "0-1"]
[WhiteElo "1931"]
[BlackElo "2211"]
[PlyCount "44"]
[EventDate "2014.??.??"]
[WhiteTeam "SC 1934 Gelnhausen"]
[BlackTeam "SG Blau-Weiß Stadtilm"]

1. e4 c5 2. Nf3 d6 3. d4 cxd4 4. Nxd4 Nf6 5. Nc3 a6 6. Qe2 e5 7. Nf5 Bxf5 8.
exf5 h6 9. g4 Nc6 10. Be3 Qa5 11. O-O-O O-O-O 12. Bg2 d5 13. g5 hxg5 14. Bxg5
d4 15. Bxc6 bxc6 16. Qc4 dxc3 17. Qxc6+ Kb8 18. Rxd8+ Qxd8 19. Be3 Qc7 20. Ba7+
Qxa7 21. Rd1 Bc5 22. Rd3 Qb6 0-1

[Event "13. Lichtenberger Sommer"]
[Site "?"]
[Date "2014.08.18"]
[Round "3.24"]
[White "Jaeger, Andre"]
[Black "Wiebe, Patrick"]
[Result "0-1"]
[WhiteElo "1977"]
[BlackElo "2176"]
[PlyCount "62"]
[EventDate "2014.??.??"]
[WhiteTeam "SC Rochade e.V."]
[BlackTeam "SK Nordhorn-Blanke"]

1. d4 d5 2. c4 c6 3. cxd5 cxd5 4. Nc3 Nf6 5. Bf4 Nc6 6. e3 a6 7. Bd3 e6 8. Rc1
Bd7 9. h3 Rc8 10. Nf3 Na5 11. Ne5 b5 12. a3 Nc4 13. Bxc4 bxc4 14. O-O Be7 15.
Qe2 O-O 16. e4 Bb5 17. a4 Be8 18. exd5 Nxd5 19. Nxd5 exd5 20. b3 f6 21. Ng4 Ba3
22. Rcd1 Qe7 23. Qa2 Bb4 24. Ne3 Qe4 25. Bg3 Bf7 26. bxc4 dxc4 27. Qb2 a5 28.
Nc2 Bd2 29. f3 Qg6 30. Bd6 Rfd8 31. Na3 Be3+ 0-1

[Event "13. Lichtenberger Sommer"]
[Site "?"]
[Date "2014.08.18"]
[Round "3.25"]
[White "Zur, Jan"]
[Black "Steiner, Wolfram"]
[Result "1-0"]
[WhiteElo "2088"]
[BlackElo "1995"]
[PlyCount "73"]
[EventDate "2014.??.??"]
[WhiteTeam "SC Zugzwang 95 e.V."]
[BlackTeam "SG Lasker Steglitz-Wilmersdorf"]

1. e4 e6 2. d4 d5 3. Nd2 Nf6 4. e5 Nfd7 5. Bd3 c5 6. c3 Nc6 7. Ne2 cxd4 8. cxd4
f6 9. exf6 Nxf6 10. Nf3 Bd6 11. O-O Qc7 12. Ng3 O-O 13. Bd2 Qb6 14. Bc3 Bd7 15.
Rc1 Bf4 16. Bd2 Bxg3 17. hxg3 Nxd4 18. Ne5 Nc6 19. Bf4 Rad8 20. b3 Be8 21. Qd2
Nh5 22. Nxc6 bxc6 23. Be5 Nf6 24. Bd4 Qc7 25. Qe3 Ra8 26. Qxe6+ Kh8 27. Bc5 Bd7
28. Qe3 Rfe8 29. Qd4 Ne4 30. Rfe1 Nxc5 31. Qxc5 Qb6 32. Qd6 Rxe1+ 33. Rxe1 Qa5
34. Re7 Bg4 35. Qe5 Rg8 36. Qg5 Qc5 37. Bxh7 1-0

[Event "13. Lichtenberger Sommer"]
[Site "?"]
[Date "2014.08.18"]
[Round "3.26"]
[White "Kreutzkamp, Hans-Rudolf"]
[Black "Silz, Elisa"]
[Result "1-0"]
[WhiteElo "2186"]
[BlackElo "1957"]
[PlyCount "129"]
[EventDate "2014.??.??"]
[WhiteTeam "SK Union Eimsbuettel eV"]
[BlackTeam "SV Empor Berlin e.V."]

1. e4 c5 2. Nf3 d6 3. d4 cxd4 4. Nxd4 Nf6 5. Nc3 a6 6. a4 e5 7. Nf3 h6 8. Bc4
Be7 9. h3 O-O 10. Be3 Be6 11. Be2 Nbd7 12. Qd2 Rc8 13. O-O Nb6 14. a5 Nc4 15.
Bxc4 Rxc4 16. Bb6 Qc8 17. Rfe1 Nd7 18. Ba7 f5 19. exf5 Rxf5 20. Nd5 Bxd5 21.
Qxd5+ Kf8 22. c3 Nf6 23. Qd1 Rcf4 24. Be3 Rxf3 25. gxf3 Rh5 26. Kf1 Qxh3+ 27.
Ke2 e4 28. Kd2 Rd5+ 29. Bd4 exf3 30. Re3 Qh5 31. Qxf3 Qg5 32. Rae1 Rf5 33. Bxf6
Bxf6 34. Qxb7 Rxf2+ 35. R1e2 Rxe2+ 36. Kxe2 Qh5+ 37. Qf3 Qb5+ 38. Ke1 Qxa5 39.
Qa8+ Bd8 40. Re2 Qa1+ 41. Kf2 Qa5 42. Qe4 Bb6+ 43. Kg3 Qg5+ 44. Qg4 Qxg4+ 45.
Kxg4 a5 46. Re6 Bc5 47. Kf5 Kf7 48. b3 h5 49. Re4 g6+ 50. Kg5 d5 51. Rf4+ Kg7
52. Ra4 Be7+ 53. Kf4 g5+ 54. Kf5 Bd8 55. b4 axb4 56. Ra7+ Kh6 57. Ra6+ Kg7 58.
cxb4 g4 59. b5 g3 60. Rg6+ Kf7 61. Rxg3 Ke7 62. Rg6 Bc7 63. b6 Bh2 64. b7 Kf7
65. Rh6 1-0

[Event "13. Lichtenberger Sommer"]
[Site "?"]
[Date "2014.08.18"]
[Round "3.27"]
[White "Jaeschke, Jens-Uwe"]
[Black "Schmidt, Jürgen"]
[Result "1/2-1/2"]
[WhiteElo "2130"]
[BlackElo "1992"]
[PlyCount "98"]
[EventDate "2014.??.??"]
[WhiteTeam "Sfr.Nord-Ost Berlin"]
[BlackTeam "SC Kreuzberg e.V."]

1. Nf3 d5 2. g3 Nf6 3. Bg2 g6 4. c4 c6 5. Qa4 dxc4 6. Qxc4 Bg7 7. O-O O-O 8. d4
Nbd7 9. Nc3 Nb6 10. Qd3 Be6 11. b3 Nbd5 12. Ng5 Bc8 13. Bb2 Nxc3 14. Bxc3 Nd5
15. Bd2 e5 16. dxe5 Bxe5 17. Rad1 Qe7 18. e4 Nc7 19. f4 Rd8 20. Bb4 Rxd3 21.
Bxe7 Bd4+ 22. Kh1 Rxd1 23. Rxd1 c5 24. e5 Bg4 25. Rd2 Re8 26. Bf6 b6 27. Ne4
Rb8 28. Be7 Ne8 29. h3 Be6 30. Ng5 h6 31. Nf3 Be3 32. Rd3 Bf2 33. Nd2 Bd4 34.
Kh2 Bf5 35. Be4 Bd7 36. Nf3 Bb5 37. Rd2 Be3 38. Rd1 Bf2 39. Kg2 Be3 40. a4 Be2
41. Rd7 b5 42. axb5 Bxb5 43. Rd1 c4 44. bxc4 Bxc4 45. Nd4 Rb2+ 46. Kf3 Rd2 47.
Rxd2 Bxd2 48. Bc6 Nc7 49. Ke4 Bf1 1/2-1/2

[Event "13. Lichtenberger Sommer"]
[Site "?"]
[Date "2014.08.18"]
[Round "3.28"]
[White "Wierzbicki, Jirawat"]
[Black "Stiemerling, Wilfried"]
[Result "1-0"]
[WhiteElo "1924"]
[BlackElo "2134"]
[PlyCount "161"]
[EventDate "2014.??.??"]
[WhiteTeam "SK König Tegel 1949 e.V."]
[BlackTeam "BSG Pneumant Fürstenwalde e.V."]

1. e4 e6 2. d4 d5 3. Nc3 Nf6 4. Bd3 c5 5. Nf3 cxd4 6. Nxd4 Nc6 7. Nxc6 bxc6 8.
exd5 cxd5 9. O-O Be7 10. Re1 O-O 11. h3 Qb6 12. Rb1 Ba6 13. Be3 Qb7 14. Bd4
Bxd3 15. Qxd3 Nd7 16. Qg3 Bf6 17. Bxf6 Nxf6 18. Qf3 Qc7 19. Re2 Rab8 20. a4 a6
21. Qd3 Rb6 22. b4 Rc8 23. Nd1 Qc4 24. Qxc4 Rxc4 25. c3 g6 26. a5 Rb5 27. Rd2
e5 28. Rd3 d4 29. f3 Nd5 30. Rb3 Nf4 31. Rd2 Ne6 32. Kf2 f5 33. Re2 Kf7 34. Ke1
Kf6 35. g3 Nc5 36. Ra3 dxc3 37. Nxc3 Rcxb4 38. Nxb5 Rxb5 39. Rd2 e4 40. fxe4
Nxe4 41. Rc2 Ke5 42. Ke2 g5 43. Kf3 Nc5 44. Ke3 h5 45. Rc4 Nb7 46. Rca4 Nc5 47.
Rc4 Ne6 48. Kf3 Nd4+ 49. Ke3 f4+ 50. gxf4+ gxf4+ 51. Kd3 Rd5 52. Raa4 Ne6+ 53.
Ke2 Kf5 54. Ra3 Nd4+ 55. Kf2 Ke4 56. Rb4 Rc5 57. Raa4 Rc2+ 58. Ke1 Rc1+ 59. Kd2
Rc2+ 60. Kd1 Rf2 61. Rxd4+ Ke5 62. Re4+ Kf5 63. Ke1 Rf3 64. Ke2 Rxh3 65. Rxf4+
Kg5 66. Rf3 Rh2+ 67. Ke3 h4 68. Rf2 Rh3+ 69. Ke2 Rb3 70. Rg2+ Kh5 71. Ra2 h3
72. Rh2 Kg4 73. Kf2 Rf3+ 74. Ke2 Rb3 75. Rh1 Rg3 76. Kf1 Rb3 77. Rg1+ Kf4 78.
Rf2+ Ke5 79. Rg5+ Ke6 80. Rh5 Ra3 81. Kg1 1-0

[Event "13. Lichtenberger Sommer"]
[Site "?"]
[Date "2014.08.18"]
[Round "3.29"]
[White "Barwich, Alfred"]
[Black "Gelemerov, Yane"]
[Result "0-1"]
[WhiteElo "2041"]
[BlackElo "2090"]
[PlyCount "64"]
[EventDate "2014.??.??"]
[WhiteTeam "SV Berolina Mitte e.V."]
[BlackTeam "Krakera Pernik"]

1. d4 Nf6 2. Nf3 b6 3. e3 Bb7 4. Bd3 e6 5. O-O Be7 6. Qe2 d5 7. Nbd2 O-O 8. c3
Nbd7 9. Ne5 Nxe5 10. dxe5 Nd7 11. f4 f5 12. exf6 Bxf6 13. Qh5 g6 14. Bxg6 hxg6
15. Qxg6+ Bg7 16. Qxe6+ Rf7 17. Nf3 Qf6 18. Ng5 Qxe6 19. Nxe6 Nf6 20. Rd1 Re8
21. Nxg7 Rxg7 22. g3 Ng4 23. Re1 Rge7 24. a4 a6 25. b4 Kf7 26. Ra3 Re4 27. Ra2
Kf6 28. Rae2 Bc6 29. Ra2 Kf5 30. a5 bxa5 31. Rxa5 Bb5 32. Ra2 Nxe3 0-1

[Event "13. Lichtenberger Sommer"]
[Site "?"]
[Date "2014.08.18"]
[Round "3.30"]
[White "Meyer, Ulrich"]
[Black "Keil, Uwe"]
[Result "1-0"]
[WhiteElo "2007"]
[BlackElo "2132"]
[PlyCount "107"]
[EventDate "2014.??.??"]
[WhiteTeam "Schachklub Münster 32 e.V."]
[BlackTeam "SC Friesen Lichtenberg e.V."]

1. d4 Nf6 2. Bg5 d5 3. Bxf6 exf6 4. e3 Bd6 5. c4 c6 6. Nc3 dxc4 7. Bxc4 O-O 8.
Bd3 Re8 9. Qf3 Nd7 10. Nge2 Nf8 11. O-O Ng6 12. Ng3 Qc7 13. Rac1 Qe7 14. Nf5
Bxf5 15. Bxf5 Rad8 16. Rfd1 Bb8 17. g3 Nf8 18. h4 g6 19. Bb1 Nd7 20. Kg2 Kg7
21. a3 a6 22. Na4 Ba7 23. b4 f5 24. Nc5 Bxc5 25. bxc5 Nf6 26. Rc3 Rd7 27. Rb3
Ne4 28. Bxe4 fxe4 29. Qe2 Qe6 30. Rdb1 Ree7 31. Rb4 h5 32. R1b3 Kh7 33. Qb2 Qg4
34. Rxb7 Qf3+ 35. Kg1 g5 36. Rxd7 Rxd7 37. hxg5 Rd5 38. g6+ fxg6 39. Rb8 Qd1+
40. Kh2 Qg4 41. Qb7+ Rd7 42. Qc8 Kh6 43. Qh8+ Kg5 44. Qe5+ Qf5 45. Qxf5+ Kxf5
46. Rb6 Rc7 47. Rxa6 g5 48. Ra8 g4 49. Re8 Ra7 50. Re5+ Kf6 51. Rxe4 Rxa3 52.
Re8 Ra2 53. Kg2 Kf7 54. Re5 1-0

[Event "13. Lichtenberger Sommer"]
[Site "?"]
[Date "2014.08.18"]
[Round "3.31"]
[White "Möller, Dustin"]
[Black "Albrecht, Rainer"]
[Result "1/2-1/2"]
[WhiteElo "1819"]
[BlackElo "2109"]
[PlyCount "46"]
[EventDate "2014.??.??"]
[WhiteTeam "Eckernförder SC von 1921"]
[BlackTeam "SC Kreuzberg e.V."]

1. e4 e6 2. d4 d5 3. Nd2 Nf6 4. e5 Nfd7 5. Bd3 c5 6. c3 Nc6 7. Ne2 Rb8 8. O-O
b5 9. Nf4 Qb6 10. Nf3 cxd4 11. cxd4 b4 12. Be3 Ba6 13. Rc1 Be7 14. Qa4 Bxd3 15.
Nxd3 Rc8 16. Rc2 O-O 17. Rfc1 Ndb8 18. Nc5 Rc7 19. Ne1 Bxc5 20. Rxc5 Rfc8 21.
Nd3 a5 22. a3 bxa3 23. bxa3 Nd7 1/2-1/2

[Event "13. Lichtenberger Sommer"]
[Site "?"]
[Date "2014.08.18"]
[Round "3.33"]
[White "Baranowsky, Peter"]
[Black "Godoj, Veit"]
[Result "1/2-1/2"]
[WhiteElo "1978"]
[BlackElo "2031"]
[PlyCount "93"]
[EventDate "2014.??.??"]
[WhiteTeam "Sfrd. Berlin 1903 e.V."]
[BlackTeam "SV Königsjäger Süd-West e.V."]

1. c4 g6 2. Nc3 Bg7 3. g3 c5 4. Bg2 Nc6 5. Nf3 d6 6. d3 e5 7. O-O Nge7 8. a3
O-O 9. Rb1 a5 10. Ne1 Be6 11. Nc2 d5 12. cxd5 Nxd5 13. Ne3 Nce7 14. Nexd5 Nxd5
15. Qc2 b6 16. Bd2 Rc8 17. Rfd1 h6 18. h3 Qd7 19. Nxd5 Bxd5 20. Bxd5 Qxd5 21.
Qc4 Qd7 22. Qg4 Qd5 23. Qc4 Qd6 24. Bc3 Kh7 25. Rf1 Qd7 26. Kh2 Rfe8 27. a4 Re6
28. Rbd1 Rce8 29. b3 f5 30. f3 Bf8 31. e4 Rd6 32. Rf2 Rd8 33. Rfd2 Bg7 34. Kg2
h5 35. Bb2 Rf8 36. Qc2 f4 37. g4 Qe7 38. Kh2 Qh4 39. Rg2 Qe7 40. g5 Rc6 41. h4
Rd8 42. Rgd2 Qe8 43. Qc4 Rcd6 44. Kg2 Qd7 45. Ba1 Rb8 46. Rc1 Rd8 47. Rcd1
1/2-1/2